| 000 | 00448nam a2200169Ia 4500 | ||
|---|---|---|---|
| 008 | 210210b1990 xxu||||| |||| 00| 0 eng d | ||
| 020 | _a81 7040 233 6 | ||
| 082 | _a338 MISI | ||
| 100 | _aMISRA (S K) and PURI (V K). | ||
| 245 | _aIndian industrial economy. Ed.2 | ||
| 250 | _a | ||
| 260 |
_aDelhi _bHimalaya Publishing House _c1990 |
||
| 300 | _a474 | ||
| 650 | _aIndian industrial economy | ||
| 690 | _aIndustrial Economics | ||
| 906 | _a047459 | ||
| 999 |
_c96418 _d96418 |
||